Logo BPK

Biblioteka

Politechniki Koszalińskiej

Metody doświadczalne w budowie i eksploatacji maszyn roboczych, technologicznych oraz środków transportu : (Rekord nr 30068)

Szczegóły MARC
000 -ETYKIETA REKORDU
podpole kontrolne o stałej długości 00596nam a2200157 i 4500
001 - NUMER KONTROLNY REKORDU
pole kontrolne bg
040 ## - ŹRÓDŁO KATALOGOWANIA
Instytucja, która utworzyła rekord BPK
041 ## - KOD JĘZYKA
Kod języka tekstu pol
080 ## - UNIWERSALNA KLASYFIKACJA DZIESIĘTNA - UKD
UKD 621(061.3)
008 - POLE O STAŁEJ DŁUGOŚCI - DANE KONTROLNE
podpole kontrolne o stałej długości s pl f |000 0 pol
245 #0 - TYTUŁ/ODPOWIEDZIALNOŚĆ
Tytuł Metody doświadczalne w budowie i eksploatacji maszyn roboczych, technologicznych oraz środków transportu :
Ciąg dalszy tytułu konferencja naukowa, Wrocław, Szklarska Poręba 1993. - T. 2 /
Pozostałe elementy strefy tytułu i oznaczenia odpowiedzialności Wydział Mechaniczny Politechniki Wrocławskiej.
260 ## - STREFA ADRESU WYDAWNICZEGO
Miejsce wydania Wrocław :
Nazwa wydawcy/dystrybutora Wydaw. PW,
Data publikacji, dystrybucji/powstania dokumentu cop.1993.
300 ## - STREFA OPISU FIZYCZNEGO
Rozmiary 24 cm.
710 ## - HASŁO DODATKOWE - NAZWA CIAŁA ZBIOROWEGO
Nazwa ciała zbiorowego lub jednostki geograficznej Politechnika Wrcławska (Wrocław)
Nazwa jednostki podrzędnej Wydział Mechaniczny
856 ## - LOKALIZACJA I DOSTĘP DO ELEKTRONICZNYCH DOKUMENTÓW ZDALNYCH
Link (URL) http://koha.tu.koszalin.pl/cgi-bin/koha/opac-detail.pl?biblionumber=30068
Tekst linku Katalog online BPK
942 ## - DODATKOWE ELEMENTY (KOHA)
Typ dokumentu Książka
Egzemplarze
Wycofany Status egzemplarza Uszkodzony Dostępność Lokalizacja stała Lokalizacja bieżąca Miejsce przechowywania Sygnatura Kod kreskowy Typ dokumentu
      Dostępny Biblioteka Politechniki Koszalińskiej Biblioteka Politechniki Koszalińskiej Wypożyczalnia BG 36594 01593297 Książka
© 2023 Biblioteka Politechniki Koszalińskiej :: KOHA